Neparametričeskije metody statistiky

Guardado en:
Detalles Bibliográficos
Autor principal: Hollander, Myles
Otros Autores: Wolfe, Douglas A.
Formato: Libro
Lenguaje:ruso
Publicado: Moskva Finansy i statistika 1983
Etiquetas: Agregar Etiqueta
Sin Etiquetas, Sea el primero en etiquetar este registro!

MARC

LEADER 00000nam a2200000 4500
001 c115758
005 20230222135157.0
041 0 |a rus 
044 |a RU 
245 1 0 |a Neparametričeskije metody statistiky  |c Myles Hollander, Douglas A. Wolfe 
264 1 |a Moskva  |b Finansy i statistika  |c 1983 
300 |a 516 s. 
100 1 |a Hollander, Myles 
700 1 |a Wolfe, Douglas A.